[Event "PPA"]
[Site "?"]
[Date "2014.06.21"]
[Round "4.9"]
[White "Kupsik, Joanna"]
[Black "Ulanicka, Aleksandra"]
[Result "1/2-1/2"]
[LiveChessVersion "1.4.2"]
[BlackElo "1409"]
[WhiteElo "1672"]

1. e4 {[%clk 1:00:58]} d6 {[%clk 0:59:35]} 2. Nf3 {[%clk 1:01:13]} Nf6
{[%clk 0:59:28]} 3. Nc3 {[%clk 1:01:10]} e5 {[%clk 0:59:12]} 4. Bc4
{[%clk 1:01:16]} Bg4 {[%clk 0:59:13]} 5. h3 {[%clk 1:01:35]} Bh5 {[%clk 0:59:35]}
6. d3 {[%clk 1:00:58]} Be7 {[%clk 0:59:28]} 7. Be3 {[%clk 1:00:45]} Nc6
{[%clk 0:58:44]} 8. a3 {[%clk 1:00:34]} h6 {[%clk 0:57:20]} 9. g4
{[%clk 0:59:43]} Bg6 {[%clk 0:57:41]} 10. Qd2 {[%clk 0:58:13]} a6
{[%clk 0:57:18]} 11. Nh4 {[%clk 0:57:33]} Nxe4 {[%clk 0:56:50]} 12. dxe4
{[%clk 0:56:22]} Bxh4 {[%clk 0:56:55]} 13. O-O-O {[%clk 0:56:06]} Bg5
{[%clk 0:56:10]} 14. f4 {[%clk 0:51:49]} exf4 {[%clk 0:54:01]} 15. Bxf4
{[%clk 0:52:15]} Bxf4 {[%clk 0:54:12]} 16. Qxf4 {[%clk 0:52:42]} Qg5
{[%clk 0:53:08]} 17. Rhf1 {[%clk 0:52:37]} Qxf4+ {[%clk 0:49:24]} 18. Rxf4
{[%clk 0:53:04]} Ne5 {[%clk 0:48:18]} 19. Bd5 {[%clk 0:49:34]} O-O-O
{[%clk 0:47:48]} 20. Rdf1 {[%clk 0:48:10]} f6 {[%clk 0:47:20]} 21. R4f2
{[%clk 0:44:31]} Bf7 {[%clk 0:46:29]} 22. b3 {[%clk 0:39:45]} Bxd5
{[%clk 0:46:11]} 23. exd5 {[%clk 0:38:48]} Rhe8 {[%clk 0:45:15]} 24. Re2
{[%clk 0:35:55]} Re7 {[%clk 0:43:55]} 25. Kd2 {[%clk 0:33:29]} Rde8
{[%clk 0:43:30]} 26. a4 {[%clk 0:30:04]} Kd7 {[%clk 0:42:31]} 27. Rff2
{[%clk 0:28:06]} Ng6 {[%clk 0:40:39]} 28. Rxe7+ {[%clk 0:24:41]} Rxe7
{[%clk 0:40:42]} 29. Ne2 {[%clk 0:23:24]} Re5 {[%clk 0:40:19]} 30. c4
{[%clk 0:23:36]} c6 {[%clk 0:39:30]} 31. dxc6+ {[%clk 0:22:38]} bxc6
{[%clk 0:39:43]} 32. Nd4 {[%clk 0:21:51]} Nh4 {[%clk 0:36:55]} 33. Nc2
{[%clk 0:16:44]} h5 {[%clk 0:34:12]} 34. Ne3 {[%clk 0:15:58]} hxg4
{[%clk 0:34:07]} 35. hxg4 {[%clk 0:16:05]} Rg5 {[%clk 0:34:02]} 36. Kd3
{[%clk 0:15:44]} Ng6 {[%clk 0:34:02]} 37. Ke4 {[%clk 0:13:12]} Ne5
{[%clk 0:30:43]} 38. Rf5 {[%clk 0:12:40]} Rxf5 {[%clk 0:25:23]} 39. gxf5
{[%clk 0:13:02]} Ke7 {[%clk 0:24:50]} 40. Ng2 {[%clk 0:11:30]} Nd7
{[%clk 0:25:00]} 41. Kd4 {[%clk 0:10:06]} Nc5 {[%clk 0:25:03]} 42. Kc3
{[%clk 0:10:01]} Ne4+ {[%clk 0:25:10]} 43. Kd3 {[%clk 0:09:54]} Nc5+
{[%clk 0:24:06]} 44. Kc3 {[%clk 0:10:21]} d5 {[%clk 0:19:46]} 45. cxd5
{[%clk 0:05:49]} cxd5 {[%clk 0:20:02]} 46. Ne3 {[%clk 0:06:02]} Kd6
{[%clk 0:19:47]} 47. Ng4 {[%clk 0:05:36]} Ne4+ {[%clk 0:19:35]} 48. Kd4
{[%clk 0:05:37]} Nc5 {[%clk 0:18:23]} 49. Kc3 {[%clk 0:05:37]} Ne4+
{[%clk 0:14:26]} 1/2-1/2

[Event "PPA"]
[Site "?"]
[Date "2014.06.21"]
[Round "4.10"]
[White "Kraszewski, Jan"]
[Black "Krokay, Urszula"]
[Result "0-1"]
[LiveChessVersion "1.4.2"]
[BlackElo "1961"]
[WhiteElo "1583"]

1. e4 {[%clk 1:00:53]} e5 {[%clk 1:00:49]} 2. Nf3 {[%clk 1:01:19]} Nc6
{[%clk 1:01:13]} 3. c3 {[%clk 1:01:47]} d5 {[%clk 1:00:32]} 4. Qa4
{[%clk 1:02:11]} f6 {[%clk 0:58:32]} 5. Bb5 {[%clk 1:00:58]} Nge7
{[%clk 0:57:52]} 6. d3 {[%clk 0:52:07]} Bd7 {[%clk 0:54:17]} 7. O-O
{[%clk 0:50:10]} a6 {[%clk 0:54:12]} 8. Bxc6 {[%clk 0:50:38]} Bxc6
{[%clk 0:54:22]} 9. Qc2 {[%clk 0:51:06]} Ng6 {[%clk 0:52:59]} 10. Be3
{[%clk 0:49:02]} Be7 {[%clk 0:53:12]} 11. Nbd2 {[%clk 0:48:55]} O-O
{[%clk 0:51:20]} 12. d4 {[%clk 0:47:42]} dxe4 {[%clk 0:49:13]} 13. Nxe4
{[%clk 0:48:09]} f5 {[%clk 0:47:31]} 14. Neg5 {[%clk 0:41:23]} Bd5
{[%clk 0:25:48]} 15. c4 {[%clk 0:36:02]} Bxf3 {[%clk 0:22:26]} 16. Nxf3
{[%clk 0:35:59]} f4 {[%clk 0:19:48]} 17. Bd2 {[%clk 0:33:41]} exd4
{[%clk 0:20:02]} 18. b4 {[%clk 0:23:37]} c5 {[%clk 0:18:57]} 19. bxc5
{[%clk 0:22:47]} Bxc5 {[%clk 0:19:23]} 20. Rfd1 {[%clk 0:22:14]} Qf6
{[%clk 0:19:34]} 21. Qe4 {[%clk 0:19:47]} Qc6 {[%clk 0:17:50]} 22. Qxc6
{[%clk 0:18:38]} bxc6 {[%clk 0:18:19]} 23. Rab1 {[%clk 0:18:20]} Rab8
{[%clk 0:18:11]} 24. Be1 {[%clk 0:12:44]} Ne7 {[%clk 0:16:01]} 25. Ne5
{[%clk 0:11:39]} Bd6 {[%clk 0:13:59]} 26. Nd3 {[%clk 0:07:57]} c5
{[%clk 0:14:14]} 27. Bd2 {[%clk 0:08:15]} g5 {[%clk 0:14:02]} 28. h4
{[%clk 0:06:55]} h6 {[%clk 0:13:39]} 29. hxg5 {[%clk 0:06:54]} hxg5
{[%clk 0:14:04]} 30. g3 {[%clk 0:06:15]} Ng6 {[%clk 0:13:59]} 31. gxf4
{[%clk 0:06:15]} Nxf4 {[%clk 0:12:31]} 32. Bxf4 {[%clk 0:06:02]} gxf4
{[%clk 0:12:42]} 33. f3 {[%clk 0:06:07]} Kf7 {[%clk 0:12:48]} 34. Kf2
{[%clk 0:04:57]} Kf6 {[%clk 0:11:00]} 35. Rb3 {[%clk 0:03:00]} Rxb3
{[%clk 0:05:14]} 36. axb3 {[%clk 0:03:29]} Rb8 {[%clk 0:05:29]} 37. Rb1
{[%clk 0:03:55]} a5 {[%clk 0:05:44]} 38. Rb2 {[%clk 0:04:15]} Re8
{[%clk 0:04:51]} 39. Re2 {[%clk 0:04:43]} Re3 {[%clk 0:04:53]} 40. Rd2
{[%clk 0:02:33]} Kf5 {[%clk 0:04:50]} 41. Kg2 {[%clk 0:01:39]} Be7
{[%clk 0:03:24]} 42. Kf2 {[%clk 0:01:27]} Bh4+ {[%clk 0:03:15]} 43. Kg2
{[%clk 0:01:55]} Be1 {[%clk 0:02:50]} 44. Rd1 {[%clk 0:02:22]} Bb4
{[%clk 0:03:13]} 45. Kf2 {[%clk 0:02:49]} Kg5 {[%clk 0:02:59]} 46. Kg2
{[%clk 0:02:44]} Re2+ {[%clk 0:03:07]} 47. Kg1 {[%clk 0:02:11]} Rc2
{[%clk 0:03:15]} 48. Nc1 {[%clk 0:01:06]} Kh4 {[%clk 0:02:23]} 49. Rf1
{[%clk 0:00:33]} Bd2 {[%clk 0:02:02]} 50. Nd3 {[%clk 0:00:55]} Be3+
{[%clk 0:02:24]} 51. Kh1 {[%clk 0:01:14]} Kh3 {[%clk 0:01:21]} 0-1